| 000 | 00661nam a22002177a 4500 | ||
|---|---|---|---|
| 999 |
_c14714 _d14714 |
||
| 003 | AR-CdUCM | ||
| 008 | 190327b ||||| |||| 00| 0 eng d | ||
| 020 | _a978-607-735-915-9 | ||
| 040 |
_aMUNICIPALIDAD PROVINCIAL DEL CUSCO _cBIBLIOTECA MUNICIPAL DEL CUSCO |
||
| 082 |
_aPI / 808.06 / _bT91 |
||
| 100 |
_aTullet, Hervé. _933585 |
||
| 245 | _a¿Jugamos? / | ||
| 260 |
_aHong Kong : _bOceano Travesía, _c2016. |
||
| 300 |
_bIlustraciones a color, _c22 cm. |
||
| 505 | _aContenido :¿Jugamos?. | ||
| 650 |
_aLibro Ilustrado _924944 |
||
| 650 |
_aLibro infantil _924945 |
||
| 700 |
_aKorky Paul _933573 |
||
| 942 |
_2ddc _cLIBROS |
||
| 945 |
_arum _d2019-04-24 |
||